书目信息 |
| 题名: |
波洛克
|
|
| 作者: | 刘永胜 编著 | |
| 分册: | ||
| 出版信息: | 北京 人民美术出版社 2002.01 |
|
| 页数: | 236页 | |
| 开本: | 20cm | |
| 丛书名: | 走进大师 | |
| 单 册: | ||
| 中图分类: | K835.125.7 | |
| 科图分类: | ||
| 主题词: | ||
| 电子资源: | ||
| ISBN: | 7-102-02462-2 | |
| 000 | 00677nam 2200229 450 | |
| 001 | 1161875077 | |
| 005 | 20111226172602.50 | |
| 010 | @a7-102-02462-2@dCNY32.50 | |
| 100 | @a20111226d2002 km y0chiy0120 ea | |
| 101 | 0 | @achi |
| 102 | @aCN@b110000 | |
| 105 | @aa z 000yb | |
| 200 | 1 | @a波洛克@Abo luo ke@f刘永胜编著@Fliu yong sheng bian zhu |
| 210 | @a北京@c人民美术出版社@d2002.01 | |
| 215 | @a236页@c图@d20cm | |
| 225 | 2 | @a走进大师 |
| 410 | 0 | @12001 @a走进大师 |
| 600 | 0 | @a波洛克@f1912-1956@x生平事迹 |
| 690 | @aK835.125.7@v4 | |
| 701 | 0 | @a刘永胜@Aliu yong sheng@4编著 |
| 801 | 0 | @aCN@b大连网信软件有限公司图书馆·11@c20111226 |
| 905 | @aZUCC@dK835.125.7@eB850@f3 | |
| 波洛克/刘永胜编著.-北京:人民美术出版社,2002.01 |
| 236页:图;20cm.-(走进大师) |
| ISBN 7-102-02462-2:CNY32.50 |
| ● |
| 相关链接 |
|
|
|
正题名:波洛克
索取号:K835.125.7/B850
 
预约/预借
| 序号 | 登录号 | 条形码 | 馆藏地/架位号 | 状态 | 备注 |
| 1 | 1067591 | 210675919 | 社科库309/309社科库 99排4列3层/ [索取号:K835.125.7/B850] | 在馆 | |
| 2 | 1067592 | 210675928 | 社科库309/309社科库 99排4列3层/ [索取号:K835.125.7/B850] | 在馆 | |
| 3 | 1067593 | 210675937 | 社科库309/309社科库 99排4列3层/ [索取号:K835.125.7/B850] | 在馆 |